000
00382nam a2200169 a 4500
005
20140414131914.0
008
040117s19uu xx 00 eng d
020
_a
050
_a
ER
_b
P28 1990
100
_a
Gleeson, Brian
245
_a
Paul Bunyam.
260
_a
Connecticut :
_b
Rabbit Ears,
_c
1990.
300
_a
440
_a
650
_a
Folklore.
999
_c
111341
_d
111341